[Event "San Francisco Powell Memorial G/45"]
[Site "San Francisco"]
[Date "2006.05.06"]
[Round "2"]
[White "Parker, Harold"]
[Black "Zhu, Kevin"]
[Result "1-0"]
[WhiteElo "1551"]
[BlackElo "1358"]
[PlyCount "51"]
[EventDate "2006.05.06"]
[EventType "swiss (rapid)"]
[EventRounds "5"]
[EventCountry "USA"]
[SourceTitle "EXT 2007"]
[Source "ChessBase"]
[SourceDate "2006.11.23"]
[SourceVersion "1"]
[SourceVersionDate "2006.11.23"]
[SourceQuality "1"]

1. e4 c5 2. Nf3 Nc6 3. d4 cxd4 4. Nxd4 g6 5. c4 Bg7 6. Be3 Nf6 7. Nc3 0-0 8. Be2 d6 9. 0-0 Bd7 10. Qd2 Re8 11. f3 Rc8 12. Rac1 Ne5 13. b3 a5 14. Nd5 a4 15. b4 Nxd5 16. cxd5 f5 17. Ne6 Bxe6 18. dxe6 Rxc1 19. Rxc1 fxe4 20. fxe4 Rf8 21. h3 Rf6 22. Bd4 Rxe6 23. Bxe5 Rxe5 24. Kh1 Rxe4 25. Qd5+ Kh8 26. Qxe4 1-0

[Event "San Francisco McLain Memorial g/45"]
[Site "San Francisco"]
[Date "2005.12.03"]
[Round "3"]
[White "Parker, Harold"]
[Black "Vayntrub, Dmitry"]
[Result "0-1"]
[WhiteElo "1500"]
[BlackElo "2101"]
[PlyCount "52"]
[EventDate "2005.12.03"]
[EventType "swiss"]
[EventRounds "5"]
[EventCountry "USA"]
[SourceTitle "EXT 2007"]
[Source "ChessBase"]
[SourceDate "2006.11.23"]
[SourceVersion "1"]
[SourceVersionDate "2006.11.23"]
[SourceQuality "1"]

1. e4 c5 2. Nf3 e6 3. c4 Nc6 4. d4 cxd4 5. Nxd4 a6 6. Be3 Nf6 7. Bd3 Bb4+ 8. Nd2 Ne5 9. Qe2 Nxd3+ 10. Qxd3 Ng4 11. 0-0 Qc7 12. g3 h5 13. h4 b6 14. Nc2 Nxe3 15. Nxe3 Bb7 16. Nf3 Qc6 17. Ne5 Qd6 18. Qxd6 Bxd6 19. f4 Bxe4 20. Rfe1 Bc5 21. Kf2 Rd8 22. a3 f6 23. Nf3 a5 24. b4 axb4 25. axb4 Bxb4 26. Ra7 Bc5 0-1

[Event "San Francisco Capps Memorial"]
[Site "San Francisco"]
[Date "2005.11.05"]
[Round "3"]
[White "Ratner, Ed"]
[Black "Parker, Harold"]
[Result "1-0"]
[WhiteElo "1714"]
[BlackElo "1547"]
[PlyCount "53"]
[EventDate "2005.11.05"]
[EventType "swiss"]
[EventRounds "6"]
[EventCountry "USA"]
[SourceTitle "EXT 2007"]
[Source "ChessBase"]
[SourceDate "2006.11.23"]
[SourceVersion "1"]
[SourceVersionDate "2006.11.23"]
[SourceQuality "1"]

1. d4 d5 2. c4 e6 3. Nc3 Nf6 4. Nf3 Be7 5. Bf4 a6 6. Ne5 0-0 7. e3 b6 8. cxd5 Nxd5 9. Nxd5 Qxd5 10. f3 Qa5+ 11. Kf2 f6 12. Nc4 Qh5 13. Bxc7 b5 14. Nb6 Ra7 15. Bxb8 Rb7 16. Nxc8 Rxc8 17. Bg3 e5 18. Be2 Rbc7 19. Qb3+ Kh8 20. Bd3 exd4 21. Bxc7 dxe3+ 22. Ke2 Rxc7 23. Qe6 Bc5 24. g4 Qf7 25. Qxf7 Rxf7 26. Rac1 Rc7 27. b4 1-0

[Event "San Francisco Stamer Memorial"]
[Site "San Francisco"]
[Date "2005.06.04"]
[Round "3"]
[White "Oza, Nikunj"]
[Black "Parker, Harold"]
[Result "1-0"]
[WhiteElo "1846"]
[BlackElo "1569"]
[PlyCount "55"]
[EventDate "2005.06.04"]
[EventType "swiss"]
[EventRounds "6"]
[EventCountry "USA"]
[SourceTitle "EXT 2007"]
[Source "ChessBase"]
[SourceDate "2006.11.23"]
[SourceVersion "1"]
[SourceVersionDate "2006.11.23"]
[SourceQuality "1"]

1. d4 d5 2. Nf3 Nf6 3. Bf4 Bf5 4. c4 Bxb1 5. Rxb1 c6 6. Qb3 Qb6 7. c5 Qxb3 8. axb3 Nbd7 9. e3 e6 10. b4 Be7 11. b5 0-0 12. bxc6 bxc6 13. Ba6 Ne4 14. Bb7 Rae8 15. Bxc6 Nef6 16. Ra1 Rc8 17. Bb7 Rce8 18. Rxa7 e5 19. Nxe5 Nxe5 20. Bxe5 Bxc5 21. dxc5 Rxe5 22. c6 d4 23. 0-0 dxe3 24. fxe3 Nd5 25. Rd1 Nc7 26. Rd7 Nb5 27. Ra8 Rc5 28. Rdd8 1-0

[Event "San Francisco Stamer Memorial"]
[Site "San Francisco"]
[Date "2005.06.04"]
[Round "2"]
[White "Russell, Joe Ryan"]
[Black "Parker, Harold"]
[Result "0-1"]
[WhiteElo "1227"]
[BlackElo "1569"]
[PlyCount "73"]
[EventDate "2005.06.04"]
[EventType "swiss"]
[EventRounds "6"]
[EventCountry "USA"]
[SourceTitle "EXT 2007"]
[Source "ChessBase"]
[SourceDate "2006.11.23"]
[SourceVersion "1"]
[SourceVersionDate "2006.11.23"]
[SourceQuality "1"]

1. d4 d5 2. c4 e6 3. e3 Nf6 4. Nc3 Be7 5. Nf3 0-0 6. Bd3 Nbd7 7. 0-0 c5 8. b3 cxd4 9. exd4 dxc4 10. bxc4 b6 11. Be3 Bb7 12. Re1 Rc8 13. h3 Re8 14. Qe2 Bb4 15. Bd2 h6 16. Rac1 Bd6 17. Nb5 Bb8 18. Qd1 a6 19. Nc3 e5 20. dxe5 Nxe5 21. Nxe5 Bxe5 22. Be3 Kh8 23. Qd2 Bd6 24. Rb1 Qc7 25. Bxb6 Qc6 26. Rxe8+ Rxe8 27. Bf1 Ne4 28. Nxe4 Qxe4 29. Rb2 Qe5 30. f4 Qxf4 31. Qxf4 Bxf4 32. Bf2 Bc8 33. c5 Kh7 34. Rb6 a5 35. Bb5 Rd8 36. Ba4 Rd2 37. g3 0-1

[Event "Imre Konig Memorial"]
[Site "San Francisco"]
[Date "2005.04.16"]
[Round "2"]
[White "Sowell, Nelson"]
[Black "Parker, Harold"]
[Result "1-0"]
[WhiteElo "1733"]
[BlackElo "1579"]
[PlyCount "28"]
[EventDate "2005.04.16"]
[EventType "swiss (rapid)"]
[EventRounds "5"]
[EventCountry "USA"]
[SourceTitle "EXT 2024"]
[Source "ChessBase"]
[SourceDate "2023.10.10"]
[SourceVersion "1"]
[SourceVersionDate "2023.10.10"]
[SourceQuality "1"]

1. d4 d5 2. c4 e6 3. g3 Nf6 4. Bg2 Be7 5. Nf3 0-0 6. 0-0 Nbd7 7. Nc3 b6 8. Qc2 Bb7 9. Rd1 a6 10. Bg5 h6 11. Bf4 Rc8 12. Ne5 Qe8 13. Qa4 c5 14. dxc5 Nxc5 1-0

[Event "Imre Konig Memorial"]
[Site "San Francisco"]
[Date "2005.04.16"]
[Round "4"]
[White "Vayntrub, Dmitry"]
[Black "Parker, Harold"]
[Result "1-0"]
[WhiteElo "2078"]
[BlackElo "1579"]
[PlyCount "39"]
[EventDate "2005.04.16"]
[EventType "swiss (rapid)"]
[EventRounds "5"]
[EventCountry "USA"]
[SourceTitle "EXT 2024"]
[Source "ChessBase"]
[SourceDate "2023.10.10"]
[SourceVersion "1"]
[SourceVersionDate "2023.10.10"]
[SourceQuality "1"]

1. c4 e6 2. g3 d5 3. Bg2 Nf6 4. Nf3 Nbd7 5. b3 Be7 6. Bb2 c6 7. 0-0 0-0 8. d3 Re8 9. Nbd2 Bd6 10. Qc2 e5 11. e3 Rb8 12. Rac1 Qa5 13. a3 Kf8 14. e4 d4 15. c5 Bc7 16. b4 Qb5 17. Nc4 a5 18. a4 Qa6 19. bxa5 Bxa5 20. h4 1-0